00823nam a2200253Ia 4500003000400000005001700004008004100021020001800062040000700080041000800087082001500095100002500110245004900135260005800184300001400242365001300256650002900269650003400298700002200332906004800354942001200402999001900414952013600433OSt20250818183724.0210423s2010 xx 000 0 und d a9788126913657 cAL aeng a321 bRICP aDavid Ricardo988986 aPrinciples of political economy and taxation aNew DelhibAtlantic Publishers and Distributorsc2010 al,342bHB b795cINR aPolitical Science988987 aSystems of Governments988988 aGhosh R N9236288 aeconomy ; political ; Principles ; taxation 2ddccBK c159866d159866 00102ddc40708ECOaSACPGbSACPGd2011-08-27eKnowledge Worldg795.00l0o321 RICPpPG006345r2022-08-24 00:00:00w2021-04-26yBK